| 000 | 00646nam a2200121Ia 4500 | ||
|---|---|---|---|
| 008 | 231221s9999 xx 000 0 und d | ||
| 041 | _aEnglish | ||
| 100 | _aMobile communication and networking center of excellence (MCNC) Dept of ISE, PESIT,100ft Road, BSK 111 stage, Banaglore-85, India | ||
| 245 | 0 | _aProceedings of ICEMC2 2006 International conference on embedded systems, Mobile communications and computing , August 4th 5th, 2006,PESIT Bangalore, India [e resource ] | |
| 260 | _bPESIT, Dept. of IS | ||
| 650 | _aICEMC2,2006,conference,embedded,systems,,communications,computing,,,August,5th,,2006,PESIT,Bangalore,,India,[e | ||
| 942 | _cDL | ||
| 999 |
_c205632 _d205632 |
||